LEADER 00773nam a2200229 i 4500 001 000000137862 003 CaOOAMICUS 005 20211130163402.0 008 050422s1984 it u000 u ita u 013 $a111720 040 $aSeMil$bita 245 10$a2. 300 $a491 p. :$briccamente ill. 500 $aFondo card. C.M. Martini (1E VI 4) 700 1 $aDe Robertis, Domenico,$d<1921-2011>.$0(OLS)http://semarc/name/3205 773 0 $tCanti di Giacomo Leopardi.$dMilano : Il Polifilo, copyr. 1984.$z88-7050-478-6$w()13305 850 $aSeMil 852 $aSeMil$W1$xVenegono$y1$m1E VI 4$j91383$B91383$CSeMilBibl$Z2$F96375 $81 941 1 $a4 961 $aOmaggio: Martini Card. Carlo Maria 996 $6245$a2$9(OLS)http://semarc/title/46889 LEADER 01339nam a2200289 i 4500 001 000000344261 003 CaOOAMICUS 005 20210211120601.0 008 210211s2020 it u000 u ita u 013 $a230381 020 $a978-88-7367-272-2 040 $aSeMil$bita 100 1 $aPierri, Vincenzo,$d<1983- >.$0(OLS)http://semarc/name/113028 245 13$aIl Mysterium Ecclesiae nell'eucologia del Messale romano /$cVincenzo Pierri. 264 1$aRoma :$bCLV, Centro liturgico vincenziano,$c2020. 300 $a297 p. ;$c24 cm 490 1 $aBibliotheca Ephemerides Liturgicae. Subsidia ;$v194 650 4$aMessale romano - Commenti e studi.$0(OLS)http://semarc/subject/290 650 4$aEucologia - Liturgia.$0(OLS)http://semarc/subject/8744 650 4$aEcclesiologia.$0(OLS)http://semarc/subject/42996 830 0$aBibliotheca Ephemerides Liturgicae. Subsidia ;$v194.$0(OLS)http://semarc/title/38 850 $aSeMil 852 $aSeMil$W1$xVenegono$y1$m3KA A 194$j226846$B235291$CSeMilBibl$Z2$F235291 $81 996 $6020$a978-88-7367-272-2$9(OLS)http://semarc/number/292347 996 $6245$aIl Mysterium Ecclesiae nell'eucologia del Messale romano$9(OLS)http://semarc/title/433353 996 $6264$aRoma :$bCLV, Centro liturgico vincenziano$9(OLS)http://semarc/publisher/59402 LEADER 01081nam a2200241 i 4500 001 000000047073 003 CaOOAMICUS 005 20120220000000.0 008 120220s1930 xx u000 u ger u 013 $a18243 040 $aSeMil$bita 100 1 $aLangbehn, Julius.$0(OLS)http://semarc/name/21129 245 14$aDer Geist des Ganzen /$cvon Julius Langbehn dem Rembrandtdeutschen ; zum Buch geformt von Benedikt Momme Nissen. 250 $a1.-15. Tsd. 260 $aFreiburg im Breisgau :$bHerder & Co.,$c1930. 300 $a239 p., [1] c. di tav. :$bill. ;$c23 cm. 650 4$aSpiritualitą.$0(OLS)http://semarc/subject/5428 650 4$aChiesa cattolica - Controversie - Sec. 19.-20.$0(OLS)http://semarc/subject/707 700 1 $aNissen, Benedikt Momme,$c.$0(OLS)http://semarc/name/21130 850 $aSeMil 852 $aSeMil$W1$xVenegono$y1$m2C III 155$j13228$B13228$CSeMilBibl$Z2$F13228 $81 996 $6245$aDer Geist des Ganzen$9(OLS)http://semarc/title/70713 996 $6260$aFreiburg im Breisgau :$bHerder & Co.$9(OLS)http://semarc/publisher/29979